000 00273nam a22001217a 4500
008 181015b xxu||||| |||| 00| 0 eng d
041 _aeng
080 _a531
100 _a43
101 _aFIZ
245 _aBasic Concepts In Physics
_cHudson.H.T
942 _2udc
_cBK
999 _c49770
_d49770